000
00280nam a22001217a 4500
008
180309b xxu||||| |||| 00| 0 eng d
041
_a
eng
080
_a
321
100
_a
20
101
_a
SHP
245
_a
Privacy and the Politics of Intimate Life
_c
Boling, P
942
_2
udc
_c
BK
999
_c
44636
_d
44636